000 00648nam a22002052 4500
001 0000009712
005 20151217155842.0
008 081119s xx 000 0 eng d
040 _aKABU
_cKABU
100 1 _aGeddie, John.
_@0000161465
245 1 4 _aThe Lake regions of Central America :
_ba record of modern discovery /
_cby John Geddie.
250 _a1st ed.
260 _aLondon :
_bT. Nelson,
_c1892.
300 _a275 p.
650 0 _aRivers
_zAfrica.
_@0000161466
651 0 _aAfrica, Central
_xDescription and travel.
_@0000148674
852 1 _9p500 KES
908 _a081119
950 _@1
999 _c13241
_d13241